Aplikácia cyklodextrín glykozyltransferázy na prípravu cyklodextrínov

Saved in:
Bibliographic Details
Main Author: Liščinská, Lucia (Author)
Other Authors: Štefuca, Vladimír (Thesis advisor)
Format: Manuscript Book
Language:Slovak
Published: 2025
Subjects:
Online Access:http://is.stuba.sk/zp/portal_zp.pl?podrobnosti=183545
Tags: Add Tag
No Tags, Be the first to tag this record!

MARC

LEADER 00000ntm a22000003a 4500
001 stuzp105180
003 SK-STU
005 20250607211244.2
007 ta
008 150427s2015----xo-----f-mn---000-0-slo-d
040 |a STU  |b slo 
041 0 |a slo 
100 1 |a Liščinská, Lucia  |u 044000  |4 aut  |U FCHPT Fakulta chemickej a potravinárskej technológie  |T FCHPT Ústav biotechnológie  |X 112273  |U C4000  |Y 102  |7 112273 
242 0 1 |a Application of cyclodextrin glycosyltransferase for the preparation of cyclodextrins  |y eng 
245 1 0 |a Aplikácia cyklodextrín glykozyltransferázy na prípravu cyklodextrínov 
260 |c 2025 
650 4 |a Bacillus circulans  |2 eng 
650 4 |a maltodextrin  |2 eng 
650 4 |a immobilization  |2 eng 
650 4 |a β-cyclodextrin  |2 eng 
650 4 |a cyclodextrin glycosyltransferase  |2 eng 
650 4 |a Bacillus circulans  |2 slo 
650 4 |a maltodextrín  |2 slo 
650 4 |a imobilizácia  |2 slo 
650 4 |a β-cyklodextrín  |2 slo 
650 4 |a cyklodextrín glykozyltransferáza  |2 slo 
700 1 |a Štefuca, Vladimír  |u 044000  |k Z1  |4 ths  |U FCHPT Fakulta chemickej a potravinárskej technológie  |T FCHPT Ústav biotechnológie  |X 3884  |U C4000  |Y 102  |7 3884 
856 4 |u http://is.stuba.sk/zp/portal_zp.pl?podrobnosti=183545